[Event "Kolding-ch DanPumps Master 2"]
[Site "Kolding"]
[Date "2018.04.??"]
[Round "5"]
[White "Pedersen, Jan Nordenbak"]
[Black "Lauridsen, Jesper Morch"]
[Result "0-1"]
[WhiteElo "2191"]
[BlackElo "2206"]
[PlyCount "50"]
[EventDate "2018.04.13"]
[EventType "tourn"]
[EventRounds "5"]
[EventCountry "DEN"]
[SourceTitle "EXT 2023"]
[Source "ChessBase"]
[SourceDate "2022.10.05"]
[SourceVersion "1"]
[SourceVersionDate "2022.10.05"]
[SourceQuality "1"]

1. e4 c5 2. Nf3 e6 3. Nc3 Nc6 4. d4 cxd4 5. Nxd4 d6 6. g4 h6 7. Be3 Nf6 8. Rg1 a6 9. Qe2 Nxd4 10. Bxd4 e5 11. Be3 Be6 12. h4 d5 13. exd5 Nxd5 14. Nxd5 Qxd5 15. Bg2 Qa5+ 16. Bd2 Qc7 17. Bc3 0-0-0 18. Bxe5 Qa5+ 19. Bc3 Bb4 20. Bxb4 Qxb4+ 21. c3 Qf4 22. Qe4 Qd2+ 23. Kf1 Rd7 24. Bf3 h5 25. Rd1 Qxd1+ 0-1

[Event "Copenhagen Bronshoj op"]
[Site "Copenhagen"]
[Date "2015.02.09"]
[Round "7"]
[White "Pedersen, Jan Nordenbak"]
[Black "Andersen, Soren Mikkel"]
[Result "0-1"]
[WhiteElo "2198"]
[BlackElo "2119"]
[PlyCount "90"]
[EventDate "2015.02.06"]
[EventType "swiss"]
[EventRounds "7"]
[EventCountry "DEN"]
[SourceTitle "EXT 2016"]
[Source "ChessBase"]
[SourceDate "2015.10.08"]
[SourceVersion "1"]
[SourceVersionDate "2015.10.08"]
[SourceQuality "1"]

1. e4 c5 2. Nf3 d6 3. Bb5+ Bd7 4. Bxd7+ Qxd7 5. 0-0 Nf6 6. Qe2 Nc6 7. Rd1 e6 8. d4 cxd4 9. Nxd4 Rc8 10. b3 Be7 11. Bb2 0-0 12. c4 Nxd4 13. Rxd4 Qc6 14. Nc3 Rfd8 15. Rad1 a6 16. a4 Qb6 17. R4d3 Nd7 18. Rg3 Bf8 19. Nd5 exd5 20. Bxg7 Bxg7 21. Qg4 Kf8 22. Qxg7+ Ke8 23. exd5 Ne5 24. Qxh7 Kd7 25. a5 Qa7 26. Rc3 Kc7 27. Qc2 Kb8 28. b4 Rc7 29. Qe4 Rg8 30. h3 f5 31. Qf4 Ka8 32. Rdc1 Rcg7 33. g3 Ng6 34. Qxf5 Qd4 35. Qd3 Qf6 36. Qf3 Qe5 37. Re3 Qb2 38. Rce1 Ne5 39. Rxe5 dxe5 40. b5 axb5 41. c5 Qd2 42. Rd1 Qc2 43. c6 e4 44. cxb7+ Kxb7 45. a6+ Ka8 0-1

[Event "Copenhagen Bronshoj op"]
[Site "Copenhagen"]
[Date "2015.02.08"]
[Round "5"]
[White "Pedersen, Jan Nordenbak"]
[Black "Nilssen, Ellen Fredericia"]
[Result "1-0"]
[WhiteElo "2198"]
[BlackElo "1795"]
[PlyCount "55"]
[EventDate "2015.02.06"]
[EventType "swiss"]
[EventRounds "7"]
[EventCountry "DEN"]
[SourceTitle "EXT 2016"]
[Source "ChessBase"]
[SourceDate "2015.10.08"]
[SourceVersion "1"]
[SourceVersionDate "2015.10.08"]
[SourceQuality "1"]

1. e4 e6 2. d4 d5 3. Nc3 Bb4 4. a3 Bxc3+ 5. bxc3 Ne7 6. Bd3 0-0 7. Nf3 h6 8. 0-0 Nd7 9. exd5 exd5 10. Re1 Nf6 11. Ne5 Bf5 12. Rb1 b6 13. a4 Bxd3 14. cxd3 Re8 15. a5 Nf5 16. Ba3 Re6 17. Qf3 Ne7 18. Nxf7 Rxe1+ 19. Rxe1 Kxf7 20. Rxe7+ Kg8 21. Qg3 Ne8 22. Qe5 bxa5 23. Qe6+ Kh7 24. Qf5+ Kh8 25. Qg6 Rb8 26. g3 Rb1+ 27. Kg2 Rb8 28. Rf7 1-0

[Event "DEN-chB"]
[Site "Greve"]
[Date "2002.03.31"]
[Round "6"]
[White "Lund, Silas Esben"]
[Black "Pedersen, Jan Nordenbak"]
[Result "1-0"]
[WhiteElo "2333"]
[BlackElo "2256"]
[PlyCount "47"]
[EventDate "2002.03.26"]
[EventType "swiss"]
[EventRounds "7"]
[EventCountry "DEN"]
[SourceTitle "EXT 2007"]
[Source "ChessBase"]
[SourceDate "2006.11.23"]
[SourceVersion "1"]
[SourceVersionDate "2006.11.23"]
[SourceQuality "1"]

1. c4 g6 2. d4 Bg7 3. e4 d6 4. Nc3 Nf6 5. Be2 0-0 6. Bg5 h6 7. Be3 c5 8. dxc5 Qa5 9. Bd2 Qxc5 10. Nf3 Na6 11. Be3 Qa5 12. Nd2 Be6 13. 0-0 Rfc8 14. Rc1 h5 15. h3 Nd7 16. f4 h4 17. Kh1 f5 18. Nb3 Qd8 19. Nd4 Bxd4 20. Qxd4 Qb6 21. Qd2 Qa5 22. exf5 gxf5 23. b3 Nac5 24. Qe1 1-0

[Event "DEN-chB"]
[Site "Greve"]
[Date "2002.03.29"]
[Round "4"]
[White "Pedersen, Jan Nordenbak"]
[Black "Kryger, Oksana"]
[Result "1-0"]
[WhiteElo "2256"]
[BlackElo "2092"]
[PlyCount "57"]
[EventDate "2002.03.26"]
[EventType "swiss"]
[EventRounds "7"]
[EventCountry "DEN"]
[SourceTitle "EXT 2007"]
[Source "ChessBase"]
[SourceDate "2006.11.23"]
[SourceVersion "1"]
[SourceVersionDate "2006.11.23"]
[SourceQuality "1"]

1. e4 e6 2. d3 c5 3. Nf3 Nc6 4. g3 d5 5. Nbd2 Nf6 6. Bg2 Be7 7. 0-0 0-0 8. Re1 dxe4 9. dxe4 Qc7 10. e5 Nd7 11. Qe2 b6 12. Nf1 Bb7 13. c3 Rfd8 14. Bf4 Rac8 15. h4 Qb8 16. N1h2 Ba8 17. Bh3 c4 18. Ng5 Nc5 19. Qh5 Bxg5 20. Bxg5 Nd3 21. Ng4 Nxe1 22. Rxe1 Rc7 23. Nf6+ gxf6 24. Bxf6 Kf8 25. Qxh7 Ke8 26. Qg8+ Kd7 27. Rd1+ Nd4 28. Rxd4+ Bd5 29. Bxd8 1-0